00420nam a22001337a 4500003000400000005001700004008004100021050002400062100003100086245008300117260004900200300002900249521000800278OSt20140310182944.0130204t xxu||||| |||| 00| 0 eng d aHF 5635bB345 1996  aBaysa, Gloria J. Tolentino aAdvanced accounting /cGloria J. Tolentino-Baysa, Ma. Concepcion Yamat Lupisan aMandaluyong City :bMillennium Books,c1996. a290 p. :c27 cm.bill. ; aBSA